| 000 | 01115cad a22002535a 4500 | ||
|---|---|---|---|
| 001 | E153943 | ||
| 008 | 110926s2011 xxk af 000 0 eng d | ||
| 035 | _a(Sirsi) u153943 | ||
| 041 | 0 | _aeng | |
| 050 | 0 | 4 | _a650.14 $2 20 |
| 110 | 2 |
_aRoyal Institution of Chartered Surveyors _94900 |
|
| 245 | 0 | 0 |
_aSurveying 2012 _byour career in land, property and construction _h[electronic resource] |
| 260 |
_aLondon _bSunday _c[2011] |
||
| 300 |
_a42 p. _bcol. ill. _c22 x 22 cm. |
||
| 505 | 2 | _aWhat is surveying? -- Why I'm a surveyor -- Benefits of RICS -- Routes to RICS -- Chartered Surveyors Training Trust -- 17 ways to survey -- Case studies -- A surveyor's social life -- Interview -- Directory | |
| 520 | _aAnnual careers guide from the Royal Institution of Chartered Surveyors. | ||
| 590 | _aKA | ||
| 651 | 4 |
_aUnited Kingdom _y |
|
| 690 | _aCAREERS, EDUCATION AND TRAINING-CAREERS IN SURVEYING | ||
| 700 | 1 |
_aTooth, Ed _eEditor |
|
| 700 | 1 |
_aLindon, Joanna _eEditor |
|
| 856 | 4 | 0 |
_uhttps://www.rics.org/site/download_feed.aspx?fileID=10568&fileExtension=PDF _zView online for free at www.rics.org |
| 942 | _n0 | ||
| 999 |
_c112776 _d112776 |
||